000 00360nam a2200145Ia 4500
008 100204s9999 xx 000 0 und d
082 _b21908
100 _aMIKE JANSON/JOYCE POPE
245 _aTHE ANIMAL WORLD
260 _b"WWORLD BOOK INC, CHICAGO"
_c1987
300 _a159
630 _aTHE ANIMAL WORLD
730 _aTHE ANIMAL WORLD
942 _cBOOK
999 _c467020
_d467017